000 00706nam a2200229 a 4500
008
020 _a9781873836460 (hardback)
049 _aMAIN
090 _aREF Z465.2
_bZEL
100 _aZell, Hans M.
245 0 _aPublishing and Book Development in Sub-Saharan Africa: An Annointed Bibliography /
_cZell Hand M. and Lomer Cecile
300 _ax, 409 pages ;
_c25 cm
504 _aIncludes bibliographical references.
500 _aIncludes index.
650 _aBook Development.
700 _aLomer, Cecile.
907 _a.b10131887
_b05-07-22
_c30-07-04
003
005 20230120191425.0
040 _cNUST
942 _cBOOKS
_kREF Z465.2
_mZEL
999 _c100896
_d100896